Государственная геологическая карта Российской Федерации: Карты. Р-38 (Котлас) (Запись № 12928769)
[ простой вид ]
| 000 -МАРКЕР | |
|---|---|
| контрольное поле | 03135nem2a2200349 4500 |
| 001 - ИДЕНТИФИКАТОР ЗАПИСИ | |
| контрольное поле | RU\NLR\BIBL_A\016285400 |
| 005 - ИДЕНТИФИКАТОР ВЕРСИИ | |
| контрольное поле | 20250625024826.0 |
| 010 ## - МЕЖДУНАРОДНЫЙ СТАНДАРТНЫЙ НОМЕР КНИГИ (ISBN) | |
| Номер (ISBN) | 978-5-00193-110-2 |
| Тираж | 100 |
| 035 ## - ДРУГИЕ СИСТЕМНЫЕ НОМЕРА | |
| Идентификатор записи | (NLR Aleph) 016285400 |
| 100 ## - ДАННЫЕ ОБЩЕЙ ОБРАБОТКИ | |
| Данные общей обработки | 20230210d2021 |||y0rusy50 ca |
| 101 0# - ЯЗЫК РЕСУРСА | |
| Язык текста, звукозаписи и т.д. | русский |
| 102 ## - СТРАНА ПУБЛИКАЦИИ ИЛИ ПРОИЗВОДСТВА | |
| Страна публикации | Российская Федерация |
| 120 ## - ПОЛЕ КОДИРОВАННЫХ ДАННЫХ: КАРТОГРАФИЧЕСКИЕ МАТЕРИАЛЫ - ОБЩИЕ ХАРАКТЕРИСТИКИ | |
| Кодированные данные о картографическом материале (общие) | byby xx|| |
| 123 1# - ПОЛЕ КОДИРОВАННЫХ ДАННЫХ: КАРТОГРАФИЧЕСКИЕ МАТЕРИАЛЫ - МАСШТАБ И КООРДИНАТЫ | |
| Тип масштаба | a |
| Постоянное отношение линейного горизонтального масштаба | 1000000 |
| 200 1# - ЗАГЛАВИЕ И СВЕДЕНИЯ ОБ ОТВЕТСТВЕННОСТИ | |
| Основное заглавие | Р-38 (Котлас) |
| Общее обозначение материала | Карты |
| Первые сведения об ответственности | Исполнители работ: ФГБУ «ВСЕГЕИ» |
| Последующие сведения об ответственности | Гл. ред. комплекта Якобсон К. Э. |
| 206 ## - ОБЛАСТЬ СПЕЦИФИЧЕСКИХ СВЕДЕНИЙ: КАРТОГРАФИЧЕСКИЕ МАТЕРИАЛЫ - МАТЕМАТИЧЕСКИЕ ДАННЫЕ | |
| Сведения о математических данных | 1:1 000 000, 10 км в 1 см |
| 210 ## - ПУБЛИКАЦИЯ, РАСПРОСТРАНЕНИЕ И ДР. | |
| Место издания, распространения и т.д. | Санкт-Петербург |
| Имя издателя, распространителя и т. д. | ВСЕГЕИ |
| Дата издания, распространения и т.д. | 2021 |
| 215 ## - ФИЗИЧЕСКАЯ ХАРАКТЕРИСТИКА | |
| Специфическое обозначение материала и объем | 5 к. (7 л.) |
| Другие сведения о физической характеристике | цв., табл., профили |
| Размеры | 69х100 см и др., в кор. 25х17 см |
| Сопроводительный материал | Объяснительная записка (271 с.; 23х16 см). Библиогр. 173 назв.+2 электрон. опт. диска (CD-ROM); 12 см |
| 225 1# - СЕРИЯ | |
| Основное заглавие серии | Мезенская серия |
| 300 ## - ОБЩИЕ ПРИМЕЧАНИЯ | |
| Текст примечания | Карты: Карта дочетвертичных образований; Карта четвертичных образований; Карта полезных ископаемых; Карта закономерностей размещения и прогноза полезных ископаемых; Карта прогноза на нефть и газ |
| 327 1# - ПРИМЕЧАНИЯ О СОДЕРЖАНИИ | |
| Текст примечания | Доп. карты: Тектоническая схема.- 1:2 500 000; Схема глубинного строения.-1:2 500 000; Эколого-геологическая схема.-1:2 500 000; Гидрогеологическая схема.-1:2 500 000; Геоморфологическая схема.- 1:2 500 000; Схема мощностей четвертичных образований.-1:2 500 000; Схема минерагенического районирования.- 1:2 500 000; Схема минерагенического районирования и продуктивности рудных районов и узлов.- 1:2 500 000; Схема нефтегазоносных областей, провинций.- 1:2 500 000 |
| 461 #0 - УРОВЕНЬ НАБОРА | |
| Встроенное поле | 001RU\NLR\BIBL_A\012660634 |
| -- | 2001#$aГосударственная геологическая карта Российской Федерации |
| Системный номер (АБИС) связанной записи | 12754783 |
| Место публикации | Санкт-Петербург |
| Дата публикации | 2019-2022 |
| Издание | 3-е поколение |
| Первые сведения об ответственности | Оформл. и отпеч. на картогр. ф-ке ВСЕГЕИ |
| Имя издателя, распространителя и т.д. | ВСЕГЕИ |
| Физическая характеристика | ...компл |
| Заглавие | Государственная геологическая карта Российской Федерации: Карты |
| 509 01 - ЗАГОЛОВОК -СТРУКТУРИРОВАННОЕ ГЕОГРАФИЧЕСКОЕ ИЛИ ТЕМАТИЧЕСКОЕ НАИМЕНОВАНИЕ | |
| Графика поля | Кириллица |
| Географическое / тематическое наименование – начальный элемент ввода | Архангельская |
| Географический термин | область |
| Системный номер авторитетной/нормативной записи | 2633239 |
| Идентификатор авторитетной / нормативной записи | RU\NLR\auth_crt\5555 |
| 606 1# - НАИМЕНОВАНИЕ ТЕМЫ КАК ПРЕДМЕТ | |
| Наименование темы | Полезные ископаемые |
| Формальный подзаголовок | Карты |
| Системный номер авторитетной/нормативной записи | 1009930 |
| Идентификатор авторитетной/нормативной записи | RU\NLR\AUTH\6666634 |
| 606 1# - НАИМЕНОВАНИЕ ТЕМЫ КАК ПРЕДМЕТ | |
| Наименование темы | Четвертичные отложения |
| Формальный подзаголовок | Карты |
| Системный номер авторитетной/нормативной записи | 990894 |
| Идентификатор авторитетной/нормативной записи | RU\NLR\AUTH\6656346 |
| 607 ## - ГЕОГРАФИЧЕСКОЕ НАИМЕНОВАНИЕ КАК ПРЕДМЕТ | |
| Географическое наименование | Архангельская область |
| Формальный подзаголовок | Карты |
| Тематический подзаголовок | Геология |
| Системный номер авторитетной/нормативной записи | 1032370 |
| Идентификатор авторитетной/нормативной записи | RU\NLR\AUTH\6678425 |
| 702 #1 - ИМЯ ЛИЦА - ВТОРИЧНАЯ ОТВЕТСТВЕННОСТЬ | |
| Начальный элемент ввода | Якобсон |
| Часть имени, кроме начального элемента ввода | К. Э. |
| Код отношения | Редактор |
| 852 ## - МЕСТОНАХОЖДЕНИЕ И ШИФР ХРАНЕНИЯ | |
| Идентификатор организации | NLR |
| Наименование фонда или коллекции (Sub-Location Identifier) | К |
| Шифр хранения (Call Number) | 4-Союз 6/5000 |
| Идентификатор единицы | 22-79 |
| 942 ## - ДОПОЛНИТЕЛЬНЫЕ ЭЛЕМЕНТЫ ЗАПИСИ (АБИС) | |
| Тип экземпляра АБИС | Карта |
| 980 ## - КОЛЛЕКЦИЯ | |
| Название коллекции | Национальная библиография |
Нет доступных экземпляров.